000 00301nam a2200097Ia 4500
008 180305s9999 xx 000 0 und d
100 _aUrsua, Dante U.
245 _cDante U. Ursua
_aSonata Song in Flute:
_bBamboo Flute Music 7/
260 _aMakati City
_bKingflute Philippines
_c1997
300 _a46 Pages
999 _c356062
_d356062